Statistics for Fast Typing to 30 using Letters

Click here to take the quiz!

General Stats

  • This quiz has been taken 245 times
  • The average score is 25 of 30

Answer Stats

Number% Correct
1
98%
2
96%
3
95%
4
95%
5
95%
10
94%
6
94%
7
94%
8
94%
9
94%
11
92%
12
91%
14
91%
13
90%
17
90%
16
89%
20
89%
15
88%
18
87%
19
87%
21
86%
22
82%
23
78%
24
75%
25
72%
26
69%
27
63%
28
60%
30
59%
29
55%

Score Distribution

Percentile by Number Answered

Percent of People with Each Score

Your Score History

You have not taken this quiz